Najlepsi asystenci w historii Ligi Mistrzów - Statystyki

Ogólne statystyki
  • Ten quiz został rozwiązany 43 razy
  • Średni wynik to 9 z 15
Statystyki odpowiedzi
Asysty Piłkarz % Poprawnych
42 Cristiano Ronaldo
98%
40 Lionel Messi
98%
29 Andrés Iniesta
90%
30 Xavi Hernández
90%
31 Kevin De Bruyne
83%
30 Thomas Müller
78%
29 Karim Benzema
68%
33 Neymar
63%
26 Luis Suárez
61%
31 Ryan Giggs
41%
25 Franck Ribéry
39%
41 Ángel Di María
37%
30 Vinícius Júnior
32%
26 Cesc Fàbregas
27%
26 Zlatan Ibrahimović
27%
Nie znaleziono quizów pasujących do podanych kryteriów
Rozkład punktacji
Procent ludzi z każdym wynikiem
Percentyl według liczby udzielonych odpowiedzi
Twoja historia wyników
Nie rozwiązałeś tego quizu